CDOS CCP/M - 86 Multi-Tasking-Betriebssysteme

Guardado en:
Detalles Bibliográficos
Autor principal: Gerhardt, Thomas
Otros Autores: Dietrich, Werner
Formato: Libro
Lenguaje:alemán
Publicado: Heidelberg Hüthig 1988
Edición:1. Aufl.
Etiquetas: Agregar Etiqueta
Sin Etiquetas, Sea el primero en etiquetar este registro!

MARC

LEADER 00000nam a2200000 4500
001 c038071
005 20221206134119.1
041 0 |a ger 
044 |a DE 
245 1 0 |a CDOS CCP/M - 86  |b Multi-Tasking-Betriebssysteme  |c Thomas Gerhardt, Werner Dietrich 
250 |a 1. Aufl. 
264 1 |a Heidelberg  |b Hüthig  |c 1988 
300 |a 317 s. 
100 1 |a Gerhardt, Thomas 
700 1 |a Dietrich, Werner